000
00515nam a2200157Ia 4500
008
090124s9999 xx 000 0 und d
082
_b
121266
245
_a
नामदार गोपाळ कृष्ण गोखले
250
_a
1
260
_c
1966
300
_a
78
630
_a
नामदार गोपाळ कृष्ण गोखले
700
_a
ताटके अरविंद
730
_a
नामदार गोपाळ कृष्ण गोखले
942
_c
BOOK
999
_c
167352
_d
167352